000 00552nam a2200181Ia 4500
008 151018s9999 xx 000 0 und d
082 _bRBASDV32848
_a891.434
100 _aजयप्रकाश कदम
245 _aदलित साहित्य
250 _b1
260 _bआतिश
_c2001
300 _a320
600 _aजयप्रकाश कदम
630 _aदलित साहित्य
700 _aजयप्रकाश कदम
730 _aदलित साहित्य
942 _cBOOK
999 _c1032368
_d1032365